<?xml version="1.0" encoding="UTF-8"?>
<record
    xmlns:xsi="http://www.w3.org/2001/XMLSchema-instance"
    xsi:schemaLocation="http://www.loc.gov/MARC21/slim http://www.loc.gov/standards/marcxml/schema/MARC21slim.xsd"
    xmlns="http://www.loc.gov/MARC21/slim">

  <leader>02519nam a2200361   4500</leader>
  <controlfield tag="005">20251126104624.0</controlfield>
  <datafield tag="020" ind1=" " ind2=" ">
    <subfield code="a">9987617808</subfield>
    <subfield code="c">Tshs 10000/=</subfield>
  </datafield>
  <datafield tag="040" ind1=" " ind2=" ">
    <subfield code="a">MULIB</subfield>
    <subfield code="b">eng.</subfield>
    <subfield code="e">AACR</subfield>
  </datafield>
  <datafield tag="082" ind1=" " ind2=" ">
    <subfield code="a">021.64 LIB</subfield>
  </datafield>
  <datafield tag="111" ind1=" " ind2=" ">
    <subfield code="a">The importance of a learning resource (library) for building up a modern university</subfield>
    <subfield code="c">International conference held at Whitesands Hotel in Dar es salaam Tanzania.</subfield>
    <subfield code="d"> 26th to 28th 2003.</subfield>
  </datafield>
  <datafield tag="245" ind1=" " ind2=" ">
    <subfield code="a">Library cooperation, information and communication technology  :</subfield>
    <subfield code="b">a compendium of papers:  </subfield>
    <subfield code="c">/ Mzumbe University and Agder University College Kristiansand</subfield>
  </datafield>
  <datafield tag="260" ind1=" " ind2=" ">
    <subfield code="a">Mzumbe :</subfield>
    <subfield code="b">Library Cooperation Cluster,</subfield>
    <subfield code="c">c2005.</subfield>
  </datafield>
  <datafield tag="300" ind1=" " ind2=" ">
    <subfield code="a">iii, 117 p. :</subfield>
    <subfield code="b">ill. ;</subfield>
    <subfield code="c">21 cm.</subfield>
  </datafield>
  <datafield tag="504" ind1=" " ind2=" ">
    <subfield code="a">Includes bibliographical reference</subfield>
  </datafield>
  <datafield tag="520" ind1=" " ind2=" ">
    <subfield code="a">The conference focused on the critical role of learning resources, particularly university libraries, in the development of a modern university. It was jointly organised by Mzumbe University and Adger University College, Kristiansand, and held at Whitesands Hotel, Dar es Salaam, Tanzania. The event brought together participants and experts from Tanzania and Norway to discuss key themes related to library and information services in higher education.
The main outcomes of the conference highlighted the importance of resource sharing and institutional collaboration; the evolving role of university libraries in the era of information explosion and technological advancement; the development of electronic resource-sharing networks; and the management of university libraries in the digital age. Other discussions centred on the implementation of information literacy programmes, the relationship between internet access and poverty reduction, IT adoption in Tanzanian educational institutions, and the role of information technology in national development.</subfield>
  </datafield>
  <datafield tag="546" ind1=" " ind2=" ">
    <subfield code="a">eng.</subfield>
  </datafield>
  <datafield tag="650" ind1=" " ind2=" ">
    <subfield code="a">Library resource sharing</subfield>
    <subfield code="z">Tanzania</subfield>
  </datafield>
  <datafield tag="650" ind1=" " ind2=" ">
    <subfield code="a">Library consortia</subfield>
    <subfield code="z">Tanzania</subfield>
  </datafield>
  <datafield tag="650" ind1=" " ind2=" ">
    <subfield code="a">Information technology  management</subfield>
  </datafield>
  <datafield tag="650" ind1=" " ind2=" ">
    <subfield code="a">Information literacy programmes</subfield>
  </datafield>
  <datafield tag="650" ind1=" " ind2=" ">
    <subfield code="a"> Library user services</subfield>
  </datafield>
  <datafield tag="650" ind1=" " ind2=" ">
    <subfield code="a">Curriculum development</subfield>
  </datafield>
  <datafield tag="650" ind1=" " ind2=" ">
    <subfield code="a"> Library and information science </subfield>
  </datafield>
  <datafield tag="650" ind1=" " ind2=" ">
    <subfield code="a">Library</subfield>
    <subfield code="v">Collaboration</subfield>
  </datafield>
  <datafield tag="650" ind1=" " ind2=" ">
    <subfield code="a"> Library and information networks</subfield>
  </datafield>
  <datafield tag="650" ind1=" " ind2=" ">
    <subfield code="a">Collection development and management</subfield>
  </datafield>
  <datafield tag="650" ind1=" " ind2=" ">
    <subfield code="a"> Poverty reduction</subfield>
    <subfield code="z">Tanzania</subfield>
  </datafield>
  <datafield tag="650" ind1=" " ind2=" ">
    <subfield code="a">ICT</subfield>
    <subfield code="v">Libraries</subfield>
  </datafield>
  <datafield tag="710" ind1=" " ind2=" ">
    <subfield code="a">Mzumbe University</subfield>
  </datafield>
  <datafield tag="710" ind1=" " ind2=" ">
    <subfield code="a">Agder University College </subfield>
  </datafield>
  <datafield tag="856" ind1=" " ind2=" ">
    <subfield code="u">https://scholar.mzumbe.ac.tz/handle/123456789/1895</subfield>
  </datafield>
  <datafield tag="942" ind1=" " ind2=" ">
    <subfield code="c">CC</subfield>
  </datafield>
  <datafield tag="999" ind1=" " ind2=" ">
    <subfield code="c">12492</subfield>
    <subfield code="d">12492</subfield>
  </datafield>
  <datafield tag="952" ind1=" " ind2=" ">
    <subfield code="0">0</subfield>
    <subfield code="1">0</subfield>
    <subfield code="4">0</subfield>
    <subfield code="7">0</subfield>
    <subfield code="a">MU0001</subfield>
    <subfield code="b">MU0001</subfield>
    <subfield code="d">2007-05-31</subfield>
    <subfield code="e">Donation</subfield>
    <subfield code="l">0</subfield>
    <subfield code="o">REF 021.64 LIB</subfield>
    <subfield code="p">0056620</subfield>
    <subfield code="r">2025-11-26 08:28:22</subfield>
    <subfield code="t">4</subfield>
    <subfield code="w">2025-11-26</subfield>
    <subfield code="y">CC</subfield>
  </datafield>
  <datafield tag="952" ind1=" " ind2=" ">
    <subfield code="0">0</subfield>
    <subfield code="1">0</subfield>
    <subfield code="4">0</subfield>
    <subfield code="7">0</subfield>
    <subfield code="a">MU0001</subfield>
    <subfield code="b">MU0001</subfield>
    <subfield code="d">2007-05-31</subfield>
    <subfield code="e">Donation</subfield>
    <subfield code="l">0</subfield>
    <subfield code="o">REF 021.64 LIB</subfield>
    <subfield code="p">0056621</subfield>
    <subfield code="r">2025-11-26 08:28:22</subfield>
    <subfield code="t">5</subfield>
    <subfield code="w">2025-11-26</subfield>
    <subfield code="y">CC</subfield>
  </datafield>
  <datafield tag="952" ind1=" " ind2=" ">
    <subfield code="0">0</subfield>
    <subfield code="1">0</subfield>
    <subfield code="4">0</subfield>
    <subfield code="7">0</subfield>
    <subfield code="a">MU0001</subfield>
    <subfield code="b">MU0001</subfield>
    <subfield code="d">2025-11-26</subfield>
    <subfield code="l">0</subfield>
    <subfield code="o">REF 021.64 LIB</subfield>
    <subfield code="p">0056623</subfield>
    <subfield code="r">2025-11-26 08:29:45</subfield>
    <subfield code="t">7</subfield>
    <subfield code="w">2025-11-26</subfield>
    <subfield code="y">CC</subfield>
  </datafield>
  <datafield tag="952" ind1=" " ind2=" ">
    <subfield code="0">0</subfield>
    <subfield code="1">0</subfield>
    <subfield code="4">0</subfield>
    <subfield code="7">0</subfield>
    <subfield code="a">MU0001</subfield>
    <subfield code="b">MU0001</subfield>
    <subfield code="d">2025-11-26</subfield>
    <subfield code="l">0</subfield>
    <subfield code="o">REF 021.64 LIB</subfield>
    <subfield code="p">0056624</subfield>
    <subfield code="r">2025-11-26 08:29:45</subfield>
    <subfield code="t">8</subfield>
    <subfield code="w">2025-11-26</subfield>
    <subfield code="y">CC</subfield>
  </datafield>
  <datafield tag="952" ind1=" " ind2=" ">
    <subfield code="0">0</subfield>
    <subfield code="1">0</subfield>
    <subfield code="4">0</subfield>
    <subfield code="7">0</subfield>
    <subfield code="a">MU0001</subfield>
    <subfield code="b">MU0001</subfield>
    <subfield code="d">2025-11-26</subfield>
    <subfield code="l">0</subfield>
    <subfield code="o">REF 021.64 LIB</subfield>
    <subfield code="p">0056625</subfield>
    <subfield code="r">2025-11-26 08:29:45</subfield>
    <subfield code="t">9</subfield>
    <subfield code="w">2025-11-26</subfield>
    <subfield code="y">CC</subfield>
  </datafield>
  <datafield tag="952" ind1=" " ind2=" ">
    <subfield code="0">0</subfield>
    <subfield code="1">0</subfield>
    <subfield code="4">0</subfield>
    <subfield code="7">0</subfield>
    <subfield code="a">MU0001</subfield>
    <subfield code="b">MU0001</subfield>
    <subfield code="d">2025-11-26</subfield>
    <subfield code="l">0</subfield>
    <subfield code="o">REF 021.64 LIB</subfield>
    <subfield code="p">0056626</subfield>
    <subfield code="r">2025-11-26 08:29:45</subfield>
    <subfield code="t">10</subfield>
    <subfield code="w">2025-11-26</subfield>
    <subfield code="y">CC</subfield>
  </datafield>
  <datafield tag="952" ind1=" " ind2=" ">
    <subfield code="0">0</subfield>
    <subfield code="1">0</subfield>
    <subfield code="4">0</subfield>
    <subfield code="7">0</subfield>
    <subfield code="a">MU0001</subfield>
    <subfield code="b">MU0001</subfield>
    <subfield code="d">2025-11-26</subfield>
    <subfield code="l">0</subfield>
    <subfield code="o">REF 021.64 LIB</subfield>
    <subfield code="p">0056627</subfield>
    <subfield code="r">2025-11-26 08:29:45</subfield>
    <subfield code="t">11</subfield>
    <subfield code="w">2025-11-26</subfield>
    <subfield code="y">CC</subfield>
  </datafield>
  <datafield tag="952" ind1=" " ind2=" ">
    <subfield code="0">0</subfield>
    <subfield code="1">0</subfield>
    <subfield code="4">0</subfield>
    <subfield code="7">0</subfield>
    <subfield code="a">MU0001</subfield>
    <subfield code="b">MU0001</subfield>
    <subfield code="d">2007-05-31</subfield>
    <subfield code="e">Donation</subfield>
    <subfield code="l">0</subfield>
    <subfield code="o">REF 021.64 LIB</subfield>
    <subfield code="p">0056629</subfield>
    <subfield code="r">2025-11-26 08:31:12</subfield>
    <subfield code="t">13</subfield>
    <subfield code="w">2025-11-26</subfield>
    <subfield code="y">CC</subfield>
  </datafield>
  <datafield tag="952" ind1=" " ind2=" ">
    <subfield code="0">0</subfield>
    <subfield code="1">0</subfield>
    <subfield code="4">0</subfield>
    <subfield code="7">0</subfield>
    <subfield code="a">MU0001</subfield>
    <subfield code="b">MU0001</subfield>
    <subfield code="d">2007-05-31</subfield>
    <subfield code="e">Donation</subfield>
    <subfield code="l">0</subfield>
    <subfield code="o">REF 021.64 LIB</subfield>
    <subfield code="p">0056630</subfield>
    <subfield code="r">2025-11-26 08:31:12</subfield>
    <subfield code="t">14</subfield>
    <subfield code="w">2025-11-26</subfield>
    <subfield code="y">CC</subfield>
  </datafield>
  <datafield tag="952" ind1=" " ind2=" ">
    <subfield code="0">0</subfield>
    <subfield code="1">0</subfield>
    <subfield code="4">0</subfield>
    <subfield code="7">0</subfield>
    <subfield code="a">MU0001</subfield>
    <subfield code="b">MU0001</subfield>
    <subfield code="d">2007-05-31</subfield>
    <subfield code="e">Donation</subfield>
    <subfield code="l">0</subfield>
    <subfield code="o">REF 021.64 LIB</subfield>
    <subfield code="p">0056633</subfield>
    <subfield code="r">2025-11-26 08:32:41</subfield>
    <subfield code="t">17</subfield>
    <subfield code="w">2025-11-26</subfield>
    <subfield code="y">CC</subfield>
  </datafield>
  <datafield tag="952" ind1=" " ind2=" ">
    <subfield code="0">0</subfield>
    <subfield code="1">0</subfield>
    <subfield code="4">0</subfield>
    <subfield code="7">0</subfield>
    <subfield code="a">MU0001</subfield>
    <subfield code="b">MU0001</subfield>
    <subfield code="d">2007-05-31</subfield>
    <subfield code="e">Donation</subfield>
    <subfield code="l">0</subfield>
    <subfield code="o">REF 021.64 LIB</subfield>
    <subfield code="p">0056634</subfield>
    <subfield code="r">2025-11-26 08:32:41</subfield>
    <subfield code="t">18</subfield>
    <subfield code="w">2025-11-26</subfield>
    <subfield code="y">CC</subfield>
  </datafield>
</record>
